Statystyki dla MIASTA KOŃCZĄCE SIĘ NA -ÓW

Kliknij tutaj aby rozwiązać quiz!

Ogólne statystyki

  • Ten quiz został rozwiązany 61 razy
  • Średni wynik to 3 z 6

Statystyki odpowiedzi

Odpowiedź% Poprawnych
KRAKÓW
98%
RZESZÓW
60%
TARNÓW
49%
LWÓW
38%
KIJÓW
32%
CIECHANÓW
21%

Rozkład punktacji

Percentyl według liczby udzielonych odpowiedzi

Procent ludzi z każdym wynikiem

Twoja historia wyników

Nie rozwiązałeś tego quizu